000 00597nam a22001817a 4500
005 20251108170933.0
008 250721s1973 xx 000 0 ara d
082 1 4 _aم/217.5/قدا
100 1 _aإبن قدامة، موفق الدين أبو محمد
245 1 0 _aمعجم الفقه الحنبلي :
_bمستخلص من كتاب المغني لإبن قدامة /
264 1 _aبيروت :
_bدار الكتاب العربي،
_c1973.
300 _a
650 1 7 _aالإسلام
650 1 7 _aفقه
650 1 7 _aالمذهب الحنبلي
942 _2ddc
_cREF
999 _c52556
_d52556